| 000 | 00789nam a2200253Ia 4500 | ||
|---|---|---|---|
| 003 | OSt | ||
| 005 | 20220925224141.0 | ||
| 006 | a|||||r|||| 00| 0 | ||
| 007 | ta | ||
| 008 | 220923b |||||||| |||| 00| 0 eng d | ||
| 020 |
_a9780367374907 _c995.00 |
||
| 037 |
_b1788, 30/01/2020, Bright Book Service _cGeneral Book |
||
| 040 |
_aRTL _cRTL _beng |
||
| 041 |
_2eng _aeng |
||
| 082 | _aY49(J):4511.2, Q9 | ||
| 100 |
_aBODH P C _9290895 |
||
| 245 | 0 |
_aFarmers' suicides in India _b A policy malignancy |
|
| 260 |
_aLondon _bRoutledge _c2019 |
||
| 300 |
_axiii,270p. _ccm. |
||
| 500 | _aBibliography: 288-300p. | ||
| 650 | _aGeography | ||
| 942 |
_hY49(J):4511.2, Q9 _cGB _2CC |
||
| 999 |
_c580952 _d580952 |
||